Historia de la radio y la televisión / (Record no. 21479)

MARC details
000 -LEADER
campo de control de longitud fija 00915nam a2200265 i 4500
001 - NÚMERO DE CONTROL
campo de control 21479
003 - IDENTIFICADOR DE NÚMERO DE CONTROL
campo de control ES-MaACL
005 - FECHA Y HORA DE LA ÚLTIMA TRANSACCIÓN
campo de control 20250901073940.0
007 - CAMPO FIJO DE DESCRIPCIÓN FÍSICA--INFORMACIÓN GENERAL
campo de control de longitud fija t|
008 - DATOS DE LONGITUD FIJA--INFORMACIÓN GENERAL
campo de control de longitud fija 021126s1982 mx |||| | spa d
020 ## - NÚMERO INTERNACIONAL ESTÁNDAR DEL LIBRO
Número Internacional Estándar del Libro 968-16-1265-5
100 1# - ENTRADA PRINCIPAL--NOMBRE DE PERSONA
Nombre de persona Albert, Pierre.
9 (RLIN) 19317
245 10 - MENCIÓN DEL TÍTULO
Título Historia de la radio y la televisión /
Mención de responsabilidad, etc. por Pierre Albert y André-Jean Tudesq ; [traducción de Diana Irene Galak C.].
250 ## - MENCION DE EDICION
Mención de edición 1ª ed. en español.
260 ## - PUBLICACIÓN, DISTRIBUCIÓN, ETC.
Lugar de publicación, distribución, etc. México :
Nombre del editor, distribuidor, etc. Fondo de Cultura Económica,
Fecha de publicación, distribución, etc. 1982.
300 ## - DESCRIPCIÓN FÍSICA
Extensión 176 p. ;
Dimensiones 18 cm.
490 1# - MENCIÓN DE SERIE
Mención de serie Breviarios del Fondo de Cultura Económica ;
Designación de volumen o secuencia 338
650 #7 - PUNTO DE ACCESO ADICIONAL DE MATERIA--TÉRMINO DE MATERIA
Término de materia o nombre geográfico como elemento de entrada Radio-
Subdivisión de forma Historia
Fuente del encabezamiento o término
9 (RLIN) 165280
650 #4 - PUNTO DE ACCESO ADICIONAL DE MATERIA--TÉRMINO DE MATERIA
Término de materia o nombre geográfico como elemento de entrada Televisión-
Subdivisión de forma Historia.
9 (RLIN) 165281
700 1# - ENTRADA AGREGADA--NOMBRE PERSONAL
Nombre de persona Tudesq, A.-J.
9 (RLIN) 111637
700 1# - ENTRADA AGREGADA--NOMBRE PERSONAL
Nombre de persona Galak C., Diana Irene.
9 (RLIN) 53282
830 0# - PUNTO DE ACCESO ADICIONAL DE SERIE-TÍTULO UNIFORME
Título uniforme Breviarios del Fondo de Cultura Económica ;
Designación de volumen o secuencia 338
9 (RLIN) 179682
852 ## - LOCALIZACIÓN
Ubicación ES-MaACL
Número de control de estantería L-8435
Holdings
Estatus retirado Estado de pérdida Estado de daño No para préstamo Biblioteca de origen Biblioteca actual Ubicación en estantería Fecha de adquisición Fuente de adquisición Total de préstamos Signatura topográfica completa Código de barras Visto por última vez Precio de reemplazo Tipo de ítem Koha
        Biblioteca del Ateneo de Madrid Biblioteca del Ateneo de Madrid Depósito 2 17/01/2008     L-8435 1022073 23/02/2023 23/02/2023 Libro impreso